000 00276nam a2200109Ia 4500
005 20251222144727.0
008 251222s9999||||xx |||||||||||||| ||spa||
082 _a869.567/S18M
100 _a"Salazar Bondy, Sebastián "
245 0 _aMil años de poesía peruana
942 _cLIB
999 _c18456
_d18456